| 000 | 00530nam a22001577a 4500 | ||
|---|---|---|---|
| 999 |
_c61153 _d61153 |
||
| 005 | 20231225151151.0 | ||
| 008 | 231225s1954 ru ||||| |||| 00| 0 rus d | ||
| 041 | _arus | ||
| 080 | _a821(38).22 Я-71 | ||
| 100 |
_aЯрхо, В. Н. _920624 |
||
| 245 |
_aАРИСТОФАН / _cВ. Н. Ярхо. |
||
| 264 |
_aМ. : _bГосударственное издательство художественной литературы, _c1954. |
||
| 300 |
_a134 с.; _b20 см. |
||
| 653 | _aარისტოფანე | ||
| 942 |
_2udc _cBK |
||